| 000 | 00503nam a2200181Ia 4500 | ||
|---|---|---|---|
| 999 |
_c14680 _d14680 |
||
| 003 | OSt | ||
| 005 | 20201104125150.0 | ||
| 008 | 190216s9999||||xx |||||||||||||| ||und|| | ||
| 020 | _a9780415280181 | ||
| 040 | _coclc | ||
| 082 |
_a792.014 _bELA/S |
||
| 100 |
_aElam, Keir _96261 |
||
| 245 | 4 |
_aThe Semiotics Of Theatre And Drama / _cKeir Elam |
|
| 260 |
_bRoutledge, _c2001. _aLondon: |
||
| 300 | _a260p | ||
| 650 | _aEnglish | ||
| 942 |
_cBK _2ddc _h792.014 _iELA/M _k792.014 _mELA/M |
||